| 000 | 00575nam a22001817a 4500 | ||
|---|---|---|---|
| 008 | 230630b |||||||| |||| 00| 0 eng d | ||
| 020 | _a81-88060-45-3 | ||
| 040 |
_aNational Science Library _cNational Science Library |
||
| 080 |
_a82-312.1 _bP5 |
||
| 100 |
_aChattarji, Jaivrat _912511 |
||
| 245 | _aरामायण की श्रेष्ठ कहानियाँ | ||
| 246 | _aRamayan ki shrestha kahaniyan | ||
| 260 |
_aNew Delhi: _bSunil Sahitya Sadan, _c2005 |
||
| 300 | _a176p. | ||
| 650 | _aShort story | ||
| 653 | _aLiterature | ||
| 942 |
_2udc _cHBK |
||
| 999 |
_c48499 _d48499 |
||